000 00202 a2200097 4500
020 _a9789996410741
041 _aspa
100 _aBustamante Cortez Sergio
245 _aLeyendas Increibles
942 _cBK
999 _c31480
_d31478